| 000 | 00729cam a22002411 4500 | ||
|---|---|---|---|
| 001 | 278833 | ||
| 003 | PILC | ||
| 005 | 20150826074022.0 | ||
| 008 | 720107s1963 ctua 000 0 eng | ||
| 010 | _a 63016278 | ||
| 040 |
_aDLC _cDLC _dDLC |
||
| 043 | _ae-gr--- | ||
| 050 | 0 | 0 |
_aDF 220 _b.T784 1963 |
| 082 | 0 | 0 | _a914.95 |
| 100 | 1 | _aTreble, H. A. | |
| 245 | 1 | 0 |
_aRealms of gold : _ban illustrated survey of english literature / _cH. A. Treble, G. H. Vallins. |
| 260 |
_aLondon : _bCollins Clear-Type Press, _c1963. |
||
| 300 |
_a313 pages : _billustrations ; _c22 cm. |
||
| 500 | _aIncludes index. | ||
| 651 | 0 |
_aGreece _xDescription and travel. |
|
| 906 |
_a7 _bcbc _corignew _du _eocip _f19 _gy-gencatlg |
||
| 942 |
_2lcc _cBK |
||
| 999 |
_c288490 _d288490 |
||